000
00229 a2200085 4500
999
_c
206355
_d
206355
020
_a
0860378
100
_a
Nawab, Syed
245
_a
Perspectives on morality and human well-being: a contribution to Islamic economics
260
_c
2003